Cuốn theo chiều gió Tiểu thuyết 4 tập T.2

Na minha lista:
Detalhes bibliográficos
Autor principal: Mitchel, Margơrit
Outros Autores: Dương Tường (dịch), Trần Hoàng (giới thiệu)
Formato: Livro
Publicado em: H. Văn học 1988
coleção:Văn học hiện đại nước ngoài. Văn học Mỹ
Assuntos:
Tags: Adicionar Tag
Sem tags, seja o primeiro a adicionar uma tag!
Thư viện lưu trữ: Trung tâm Học liệu Lê Vũ Hùng, Trường Đại học Đồng Tháp
LEADER 00957pam a22002658a 4500
001 00022174
005 20171026081022.0
008 110528s1988 ||||||Viesd
041 0 # |a Vie 
082 1 # |a 813  |b C517TH 
100 0 # |a Mitchel, Margơrit 
245 0 0 |a Cuốn theo chiều gió  |b Tiểu thuyết 4 tập  |c Margơrit Mitchel; Dường Tường dịch; Trần Hoàng giới thiệu  |n T.2 
260 # # |a H.  |b Văn học  |c 1988 
300 # # |a 320 tr.  |c 19 cm. 
490 0 # |a Văn học hiện đại nước ngoài. Văn học Mỹ 
653 # # |a Mỹ 
653 # # |a Văn học hiện đại 
653 # # |a Tiểu thuyết 
700 0 # |a Dương Tường  |e dịch 
700 0 # |a Trần Hoàng  |e giới thiệu 
852 # # |b Kho đọc  |j KD.0007625 
852 # # |j KD.0007625 
910 # # |a Hoa Lê  |d 28/05/2011 
980 # # |a Trung tâm Học liệu Lê Vũ Hùng, Trường Đại học Đồng Tháp